000 00929cam a2200229 4500
001 ##L100529
008 000000n1998 000 0 eng u
035 _a(Sirsi) u100196
041 0 _aeng
050 0 4 _a692.8 $2 18
110 2 _aJoint Contracts Tribunal
_93664
240 1 0 _aIFC 98
245 0 0 _aIntermediate Form of Building Contract for Works of Simple Content 1998 Edition
_bIFC 98
260 _aLondon
_bRIBA Publications
_c1998
300 _a64p.
_c30cm.
350 _a16
490 _aJCT Intermediate Form of Building Contract for Works of Simple Content (1998 Edition)
520 _aSuperseded by JCT Intermediate Building Contract (2005 Edition) (ISBN 0418826900).
650 2 4 _aJCT INTERMEDIATE FORM OF BUILDING CONTRACT FOR WORKS OF SIMPLE CONTENT (1998 EDITION)
690 _aBUILT ENVIRONMENT-BUILDING CONTRACT FORMS-STANDARD FORMS OF BUILDING CONTRACT-JOINT CONTRACTS TRIBUNAL CONTRACTS
942 _n0
999 _c99640
_d99640